Obce v Karlovarském kraji - Statistics

General Stats
  • This quiz has been taken 38 times
  • The average score is 56 of 134
Answer Stats
Obec Počet obyvatel % Correct
13 105
100%
Cheb 31 920
100%
Karlovy Vary 48 319
100%
Kraslice 6 705
100%
Mariánské Lázně 12 752
100%
Ostrov 16 491
100%
Sokolov 22 924
100%
Chodov 115 | 13 089
88%
Františkovy Lázně 5 412
88%
Toužim 3 652
88%
Bečov nad Teplou 954
82%
Hranice 2 151
82%
Jáchymov 2 381
82%
Loket 3 079
82%
Luby 2 124
82%
Nejdek 7 790
76%
Teplá 2 961
76%
Bochov 1 945
71%
Horní Slavkov 5 379
71%
Žlutice 2 249
71%
Andělská Hora 376
65%
Kynšperk nad Ohří 4 739
65%
Plesná 1 969
65%
Rotava 2 902
65%
Velká Hleďsebe 2 331
65%
Boží Dar 251
59%
Lázně Kynžvart 1 427
59%
Nová Role 4 154
59%
Oloví 1 645
59%
Vojtanov 238
59%
Březová 2 660 | 543
53%
Habartov 4 845
53%
Krásná 628
53%
Nové Sedlo 2 612
53%
Pernink 572
53%
Pomezí nad Ohří 314
53%
Hazlov 1 532
47%
Horní Blatná 389
47%
Krásno 716
47%
Podhradí 195
47%
Přebuz 73
47%
Svatava 1 657
47%
Chyše 608
41%
Dolní Žandov 1 234
41%
Hradiště 0
41%
Hroznětín 2 061
41%
Kyselka 789
41%
Prameny 102
41%
Skalná 2 001
41%
Abertamy 924
35%
Bublava 395
35%
Chlum Svaté Maří 286
35%
Dalovice 1 986
35%
Děpoltovice 394
35%
Doupovské Hradiště 164
35%
Kolová 791
35%
Krajková 963
35%
Královské Poříčí 777
35%
Libá 802
35%
Nová Ves 192
35%
Otročín 433
35%
Potůčky 425
35%
Rovná 312
35%
Stanovice 639
35%
Stříbrná 466
35%
Stružná 570
35%
Tři Sekery 984
35%
Útvina 601
35%
Valeč 362
35%
Vintířov 1 196
35%
Vřesová 395
35%
Božičany 612
29%
Bukovany 1 526
29%
Citice 900
29%
Dolní Nivy 354
29%
Dolní Rychnov 1 316
29%
Drmoul 1 013
29%
Jindřichovice 505
29%
Kaceřov 434
29%
Krásné Údolí 388
29%
Křižovatka 278
29%
Lipová 743
29%
Milhostov 328
29%
Mnichov 398
29%
Nebanice 355
29%
Nové Hamry 339
29%
Odrava 253
29%
Pila 561
29%
Pšov 603
29%
Šemnice 667
29%
Šindelová 310
29%
Stará Voda 507
29%
Staré Sedlo 832
29%
Štědrá 524
29%
Stráž nad Ohří 604
29%
Třebeň 413
29%
Trstěnice 386
29%
Valy 472
29%
Velichov 551
29%
Vojkovice 645
29%
Vysoká Pec 351
29%
Bražec 227
24%
Černava 310
24%
Dasnice 274
24%
Hájek 641
24%
Jenišov 1 057
24%
Josefov 384
24%
Libavské Údolí 537
24%
Lomnice 1 358
24%
Merklín 936
24%
Milíkov 300
24%
Mírová 320
24%
Nový Kostel 495
24%
Okrouhlá 255
24%
Otovice 960
24%
Šabina 328
24%
Sadov 1 299
24%
Tuřany 148
24%
Zádub-Závišín 334
24%
Tatrovice 180
18%
Teplička 124
18%
Těšovice 258
18%
Verušičky 461
18%
Čichalov 173
12%
Hory 338
12%
Krásný Les 338
12%
Ovesné Kladruby 125
12%
Smolné Pece 224
12%
Velký Luh 163
12%
Vlkovice 114
12%
Poustka 172
6%
Vrbice 193
6%
No matching quizzes found
Score Distribution
Percent of People with Each Score
Percentile by Number Answered
Your Score History
You have not taken this quiz